000
00275nam a2200133Ia 4500
008
190216s9999||||xx |||||||||||||| ||und||
100
_a
Chopra. Gl
245
0
_a
Angiosperms
250
_a
10rd Ed.
260
_b
Null
_c
1971
300
_a
686
650
_a
Botany
942
_c
BK
999
_c
1382
_d
1382